000 01260cam a22002054a 4500
005 20250605164032.0
008 250528s ||||||||||||||||||||||||d
035 _a16675
020 _a141961178
040 _aGR-AtMCL
_bgre
_dGR-AtMCL
_eAACR2
245 1 _aThe Secrets of Strategic Management / The Ansoffian Approach
260 _bThe Ansoff Institute Open Company Ltd,
_c2005
300 _a170
520 _aThis book is addressed to a group of readers who want to improve their knowledge of profit optimization in the turbulent environment of the 21st century and beyond. Acknowledgements, Competing Strategies for Profitability, Evolution of Environmental Turbulence, Business Success Strategies During The Post-Industrial Era, Eliminating Strategic Myopia, Shift From Extrapolation of the Past to Focus on the Turbulent Future, Strategic Success Paradigm, Management Capability, Strategic Response at the Business Unit Level, Strategic Response at the Corporate Level, Real Time Response, Strategic Posture Implementation, Strategic Management of Technology, Overview, Appendices, References, The Ansoff Institute.
700 1 _aAnsoff Igor H.
_92764
700 1 _aAntoniou Peter H.
_92765
942 _cBK
999 _c2150
_d2150